[Event "XII Izmailov Mem"]
[Site "Tomsk RUS"]
[Date "2008.06.27"]
[Round "3"]
[White "Shapran,N2"]
[Black "Kuznetsov,O2"]
[Result "1/2-1/2"]
[WhiteElo "1892"]
[BlackElo "2097"]

1.d4 d5 2.Nf3 Nf6 3.c4 c6 4.e3 e6 5.Nc3 Bd6 6.Bd3 O-O 7.O-O Nbd7 8.Re1 dxc4
9.Bxc4 e5 10.e4 Qc7 11.d5 cxd5 12.Nxd5 Nxd5 13.Bxd5 Nb6 14.Bb3 Bg4 15.Bg5 Rac8
16.Rc1 Qb8 17.Qd2 Bxf3 18.gxf3 Bc5 19.Red1 Bd4 20.f4 Rxc1 21.Rxc1 Kh8 22.f5 f6
23.Be3 Bxe3 24.Qxe3 Rd8 25.Qc3 Rc8 26.Qe1 Rxc1 27.Qxc1 Qc8 28.Qxc8+ Nxc8
29.f3 g6 30.fxg6 hxg6 31.Kf2 Kg7 32.Ke3 Kf8 33.f4 Ke7 34.h4 Nd6 35.Bd5 b6
36.a3 Kf8 37.Kf3 Kg7 38.Be6 Kh6 39.fxe5 fxe5 40.Bd5 Nb5 41.Kg4 Nd4 42.Bc4 Nc2
43.Bb3 Ne1 44.Bc4 Ng2 45.Bb3 Ne1 46.Bc4 Nc2 47.Bb3 Nd4 48.Bc4 b5 49.Bd3 a5
50.b4 axb4 51.axb4 Nc6 52.Bxb5 Nxb4 53.Be8 Nd3 54.Bc6 Nf2+ 55.Kf3 Nd3 56.Kg4 Nf4
57.Ba8 Nh5 58.Bc6 Nf6+ 59.Kg3 Kh5 60.Bd5 Ng4 61.Bc4 Ne3 62.Be2+ Kh6 63.Kf3 Nc2
64.Kg4 Nd4 65.Bd1 Ne6 66.Bb3 Ng7 67.Bd5 Ne8  1/2-1/2

[Event "TCh-TUR"]
[Site "Kocaeli TUR"]
[Date "2008.06.28"]
[Round "9"]
[White "Koc,I"]
[Black "Tunur,M"]
[Result "1-0"]
[WhiteElo "2064"]
[BlackElo "2103"]

1.d4 d5 2.c4 c6 3.Nc3 Nf6 4.Nf3 e6 5.e3 Nbd7 6.Bd3 Bd6 7.O-O O-O 8.Re1 dxc4
9.Bxc4 e5 10.e4 exd4 11.Nxd4 Ne5 12.Bf1 Nfg4 13.h3 Bc5 14.Nce2 Qh4 15.g3 Qf6
16.hxg4 Bxg4 17.Qc2 Bxe2 18.Qxc5 Bxf1 19.Rxf1 Rad8 20.Nf5 Rfe8 21.Bf4 Nd3
22.Qe3 Nxb2 23.Bg5 Nc4 24.Bxf6 Nxe3 25.Bxd8 Nxf1 26.Ba5  1-0

[Event "IV Open"]
[Site "Sort ESP"]
[Date "2008.06.28"]
[Round "6"]
[White "Delchev,A"]
[Black "Mirzoev,A"]
[Result "1-0"]
[WhiteElo "2639"]
[BlackElo "2543"]

1.d4 d5 2.c4 c6 3.Nc3 Nf6 4.e3 e6 5.Nf3 Nbd7 6.Bd3 Bd6 7.e4 dxe4 8.Nxe4 Nxe4
9.Bxe4 O-O 10.O-O h6 11.Bc2 e5 12.Re1 exd4 13.Qxd4 Nf6 14.Bxh6 gxh6 15.Rad1 Bxh2+
16.Nxh2 Qxd4 17.Rxd4 Be6 18.Rf4 Kg7 19.Re3 Ng8 20.Nf3 Rad8 21.Ne5 Ne7 22.Rg3+ Kh8
23.Bd3 Rde8 24.Rh4 Ng8 25.f4 Bc8 26.Kf2 Re7 27.Re3 Rd8 28.Ke2 Kg7 29.Kd2 Bf5
30.Rg3+ Kh7 31.Kc3 Bxd3 32.Rxd3 Rxd3+ 33.Kxd3 Nf6 34.Rh3 c5 35.a3 a5 36.Kc2 Nd7
37.Nxd7 Rxd7 38.Rh5 Rd4 39.Rxc5 Rxf4 40.Kb3 Rg4 41.Rxa5 Rg3+ 42.Ka4 Rxg2
43.Rb5 Kg6 44.Rxb7 h5 45.Rb8 Kg7 46.c5 h4 47.c6 Rd2 48.Rb4 Rc2 49.Rxh4 Rxb2
50.Rh3 Rc2 51.Kb5 f5 52.Kb6 Rb2+ 53.Ka7 Rc2 54.Kb7 Rb2+ 55.Kc8 Kf6 56.c7 f4
57.Rd3 Ke7 58.Rf3  1-0

[Event "ChInt Open"]
[Site "Paris FRA"]
[Date "2008.06.29"]
[Round "2"]
[White "Malakhatko,V"]
[Black "Rabeyrin,J"]
[Result "1-0"]
[WhiteElo "2621"]
[BlackElo "2303"]

1.c4 c6 2.d4 d5 3.Nc3 Nf6 4.e3 e6 5.Nf3 Nbd7 6.Bd3 dxc4 7.Bxc4 b5 8.Bd3 a6
9.e4 c5 10.d5 c4 11.Bc2 Qc7 12.O-O Bb7 13.Qe2 Bd6 14.dxe6 fxe6 15.Nd4 Nc5
16.f4 e5 17.Ndxb5 axb5 18.Nxb5 Qb6 19.Nxd6+ Qxd6 20.fxe5 Qxe5 21.Rf5 Qe7
22.Qxc4 Ncxe4 23.Qb5+ Qd7 24.Re5+ Kd8 25.Qb6+ Qc7 26.Qxc7+ Kxc7 27.Re7+ Kc8
28.Bf4 g5 29.Bxe4 Bxe4 30.Bxg5 Rg8 31.Rc1+ Kd8 32.Bxf6 Rxg2+ 33.Kf1 Rg6 34.Bh4 Bg2+
35.Kf2  1-0

[Event "International Open"]
[Site "Philadelphia USA"]
[Date "2008.06.29"]
[Round "6"]
[White "Laxman,R"]
[Black "Becerra Rivero,J"]
[Result "0-1"]
[WhiteElo "2488"]
[BlackElo "2575"]

1.Nf3 Nf6 2.c4 c6 3.d4 d5 4.Nc3 e6 5.e3 Nbd7 6.Qc2 Bd6 7.Bd3 O-O 8.O-O dxc4
9.Bxc4 b5 10.Be2 Bb7 11.Rd1 Qc7 12.a3 Rfe8 13.b4 e5 14.dxe5 Nxe5 15.Nd4 a6
16.e4 Ned7 17.g3 Be5 18.Be3 c5 19.bxc5 Nxc5 20.Rac1 Ne6 21.Nxe6 Rxe6 22.Qb3 Rc6
23.Nd5 Nxd5 24.Rxc6 Qxc6 25.exd5 Qd7 26.Bf3 Rc8 27.Bd4 Bxd4 28.Rxd4 Qd6 29.Kg2 g6
30.h4 h5 31.a4 Qc5 32.Rb4 Re8 33.Kf1 Re5 34.axb5 axb5 35.Kg2 Bxd5 36.Bxd5 Rxd5
37.Rf4 Rf5 38.Rxf5 Qxf5 39.Kf1 Qc5 40.Ke2 b4 41.Qd3 Kg7 42.f3 Qe5+ 43.Kf2 Qb2+
44.Ke3 b3 45.Qc4 Qe5+ 46.Kf2 Qb8 47.Qd4+ Kg8 48.Qb2 Qb6+ 49.Ke2 Qa6+ 50.Kd2 Qd6+
51.Kc1  0-1

[Event "Duras IM Dopravni"]
[Site "Brno CZE"]
[Date "2008.06.30"]
[Round "5"]
[White "Vesely,Ja"]
[Black "Splosnov,S"]
[Result "0-1"]
[WhiteElo "2074"]
[BlackElo "2355"]

1.d4 d5 2.Nf3 Nf6 3.c4 e6 4.Nc3 c6 5.e3 Nbd7 6.Qc2 Bd6 7.e4 dxe4 8.Nxe4 Nxe4
9.Qxe4 c5 10.Bd2 Nf6 11.Qh4 cxd4 12.O-O-O e5 13.Bd3 Be6 14.Rhe1 Nd7 15.Qg3 Qc7
16.Qxg7 O-O-O 17.Kb1 Rhg8 18.Qh6 Nc5 19.Bxh7 Rh8 20.Bg5 Rdg8 21.Bf6 Rg6 22.Qh4 Bf5+
23.Kc1 Rxh7 24.Qxh7 Rxf6 25.Qh8+ Qd8 26.Qxd8+ Kxd8 27.Nxe5 Bxe5 28.Rxe5 Nd3+
29.Rxd3 Bxd3 30.Rd5+ Ke7 31.Rxd4 Bf1 32.g4 Rxf2 33.h4 Kf6 34.c5 Bg2 35.a4 Ke5
36.Rd7 Bd5 37.a5 a6 38.Rd6 Rf4  0-1

[Event "Sparkassen Open"]
[Site "Dortmund GER"]
[Date "2008.06.30"]
[Round "1"]
[White "Muehlenhaus,S"]
[Black "Kartsev,A2"]
[Result "0-1"]
[WhiteElo "2208"]
[BlackElo "1975"]

1.d4 d5 2.c4 c6 3.Nf3 Nf6 4.Nc3 e6 5.e3 Bd6 6.Qc2 Nbd7 7.g4 Nxg4 8.Rg1 h5
9.h3 Qf6 10.hxg4 Qxf3 11.Be2 Qh3 12.Bd2 Bh2 13.Rh1 hxg4 14.O-O-O Nf6 15.cxd5 exd5
16.e4 Be6 17.exd5 Nxd5 18.Ne4 O-O-O 19.Nc5 Nf4 20.Bb5 Rxd4 21.Nxe6 Nxe6 22.Be3 Rxd1+
23.Rxd1 Qf3 24.Be2 Qf6 25.Bxg4 Bf4 26.Qe4 Bxe3+ 27.Qxe3 Rh4 28.Bxe6+ Qxe6
29.Qxa7 Qc4+ 30.Kb1 Qa4 31.Qxa4 Rxa4 32.b3 Rf4 33.Rd2 Kc7 34.Kc2 c5 35.Re2 Kd6
36.Kd3 f5 37.Rc2 Rd4+ 38.Ke3 g5 39.f3 g4 40.fxg4 Rxg4 41.Rh2 Re4+ 42.Kf3 b5
43.Rh8 Re7 44.Rd8+ Rd7 45.Rb8 Kc6 46.Rc8+ Kd5 47.Ke3 Re7+ 48.Kf4 Kd4 49.Kxf5 c4  0-1

[Event "Svein Johannessen Mem"]
[Site "Oslo NOR"]
[Date "2008.06.30"]
[Round "6"]
[White "Ogaard,L"]
[Black "Matthiesen,A"]
[Result "1/2-1/2"]
[WhiteElo "2414"]
[BlackElo "2314"]

1.d4 Nf6 2.c4 e6 3.Nf3 d5 4.Nc3 c6 5.e3 Nbd7 6.Qc2 Bd6 7.Bd3 O-O 8.O-O dxc4
9.Bxc4 b5 10.Bd3 Bb7 11.Bd2 Qe7 12.h3 b4 13.Ne4 Nxe4 14.Bxe4 f5 15.Bd3 c5
16.e4 Rac8 17.exf5 cxd4 18.Bg5 Qe8 19.Qe2 Bxf3 20.Qxf3 Ne5 21.Qg3 exf5 22.Ba6 Nf7
23.Qb3 Rc7 24.Rfe1 Qc6 25.Bd3 Kh8 26.Rac1 Qb6 27.Rxc7 Qxc7 28.Bd2 a5 29.Bxf5 Ne5
30.Bb1 Qc4 31.f4 Qxb3 32.axb3 Nd7 33.Re4 g6 34.Kf1 Nc5 35.Rxd4 Be5 36.Be3 Nxb3
37.Rc4 Bxb2 38.Ke2 Bc3 39.Bc2 a4 40.Bxb3 axb3 41.Bd4+ Kg8 42.Bxc3 bxc3 43.Rxc3 Rb8
44.Rc1 b2 45.Rb1 Kf7 46.Kd3 Ke6 47.g4 Kd5 48.Kc2 Ke4 49.f5 gxf5 50.Re1+ Kf4
51.Rf1+ Kg3 52.gxf5 Kxh3 53.Kb1 Kg2 54.Rf4 Kg3 55.Rf1 h5 56.f6 Kg4 57.f7 Rf8
58.Kxb2 Kg5 59.Kc3 Kg6 60.Rg1+ Kxf7  1/2-1/2

[Event "Sparkassen Open"]
[Site "Dortmund GER"]
[Date "2008.07.01"]
[Round "2"]
[White "Leon Villagra,P"]
[Black "Holmsgaard,H"]
[Result "1/2-1/2"]
[WhiteElo "1827"]
[BlackElo "2324"]

1.d4 d5 2.c4 c6 3.Nf3 Nf6 4.e3 e6 5.Nc3 Nbd7 6.Qc2 Bd6 7.Be2 O-O 8.O-O dxc4
9.Bxc4 b5 10.Bd3 Bb7 11.e4 e5 12.Bg5 Re8 13.Rfd1 Qe7 14.Rac1 exd4 15.Nxd4 Bxh2+
16.Kh1 Be5 17.Nf5 Qf8 18.f4  1/2-1/2

[Event "TCh-TUR"]
[Site "Kocaeli TUR"]
[Date "2008.07.01"]
[Round "14"]
[White "Dogan,N"]
[Black "Uzun,F"]
[Result "1-0"]
[WhiteElo "2024"]
[BlackElo "2070"]

1.d4 d5 2.Nf3 Nf6 3.c4 c6 4.Nc3 e6 5.e3 Nbd7 6.Bd3 dxc4 7.Bxc4 b5 8.Bd3 a6
9.e4 c5 10.d5 Qc7 11.O-O Be7 12.Bc2 Bb7 13.dxe6 fxe6 14.Ng5 Qc6 15.Qf3 h6
16.Qh3 hxg5 17.Qxh8+ Kf7 18.Qh3 g4 19.Qe3 Rh8 20.Ne2 Nxe4 21.Qxe4 Qxe4 22.Bxe4 Bxe4
23.Rd1 Nb6 24.Ng3 Bc2 25.Rd2 Bg6 26.Nf1 Rh5 27.Ne3 Re5 28.Rd1 Re4 29.Bd2 Nd5
30.a4 b4 31.b3 Rd4 32.Be1 Rxd1 33.Rxd1 Nxe3 34.fxe3 Bc2 35.Rd7 Ke8 36.Ra7 Bxb3
37.Rxa6 c4 38.Rb6 c3 39.Bxc3 Bc5 40.Rb8+ Kf7 41.Kf2 Bxa4 42.Bxb4 g3+ 43.hxg3 Bxb4
44.Rxb4 Bd1 45.e4 Kf6 46.Ke3 e5 47.Rb6+ Kf7 48.Kd3 Bg4 49.Kc4 Be6+ 50.Kc5 Kf6
51.Kd6 Ba2 52.Rb2 Bc4 53.Rf2+ Kg5 54.Kxe5 Kg4 55.Rf3 Be2 56.Re3 Bf1 57.Kd6 Bxg2
58.e5 Bf3 59.e6 Kxg3 60.e7 g5 61.e8=Q g4  1-0

[Event "XII Izmailov Mem"]
[Site "Tomsk RUS"]
[Date "2008.07.01"]
[Round "7"]
[White "Nigametzianov,M"]
[Black "Nukin,A"]
[Result "1-0"]
[WhiteElo "2373"]
[BlackElo "2244"]

1.Nf3 d5 2.d4 Nf6 3.e3 e6 4.c4 c6 5.Nc3 Nbd7 6.Qc2 Bd6 7.g4 dxc4 8.g5 Nd5
9.Bxc4 e5 10.Ne4 Be7 11.dxe5 N7b6 12.Be2 Nb4 13.Qb1 Bg4 14.O-O h6 15.g6 O-O
16.a3 fxg6 17.Ned2 N4d5 18.Qxg6 Bf5 19.Qg3 h5 20.Kh1 h4 21.Qg2 Qd7 22.Rg1 Rf7
23.Nd4 Bf8 24.N2f3 h3 25.Qg3 Re8 26.Ng5 Nc7 27.Nxf7 Qxf7 28.Nxf5 Qxf5 29.f4 Rd8
30.Bg4 Qe4+ 31.Qf3 Qxf3+ 32.Bxf3 Nb5 33.a4 Nc7 34.a5 Nbd5 35.Rd1 Re8 36.Bg4 Bc5
37.e4 Nb4 38.Bxh3 Nb5 39.Bf1 Nc2 40.Rb1 Nbd4 41.b4 Bf8 42.Bc4+ Kh7 43.Rd3 g6
44.Bb2 Ne6 45.Rh3+ Bh6 46.Rd1 Nf8 47.Rdd3 Nxb4 48.Rxh6+  1-0

[Event "Atlantis Meestertienkamp"]
[Site "Groningen NED"]
[Date "2008.07.02"]
[Round "7"]
[White "Geirnaert,S"]
[Black "Clemens,A"]
[Result "1-0"]
[WhiteElo "2324"]
[BlackElo "2326"]

1.d4 d5 2.c4 c6 3.Nf3 Nf6 4.Nc3 e6 5.e3 Nbd7 6.Qc2 Bd6 7.g4 Bb4 8.Bd2 Qe7
9.g5 Bxc3 10.Bxc3 Ne4 11.Rg1 b6 12.Nd2 Nxc3 13.Qxc3 Bb7 14.cxd5 exd5 15.Rg3 O-O
16.Bd3 c5 17.O-O-O g6 18.Bb5 cxd4 19.Qxd4 Nc5 20.Kb1 Rac8 21.h4 Ne6 22.Qg4 d4
23.exd4 Rfd8 24.Ne4 Rxd4 25.Rxd4 Nxd4 26.Nf6+ Kg7 27.Re3 Qc5 28.Rc3 Qxb5
29.Qxd4 Qf1+ 30.Kc2 Qe2+ 31.Qd2 Be4+ 32.Kc1 Qf1+ 33.Qd1 Rxc3+ 34.bxc3 Qxd1+
35.Kxd1 Bc6 36.Kd2 Kf8 37.Nxh7+ Ke7 38.Ke3 Ke6 39.Nf6 Kf5 40.f3 Ke5 41.c4 Bb7
42.Ng4+ Kf5 43.Nf6 Ke5 44.Ne4 Ba6 45.f4+ Kf5 46.a3 Kg4 47.Nd6 Kxh4 48.Kf3 Kh3
49.f5 gxf5 50.Kf4 Kh4 51.Kxf5 Kh5 52.Kf6 Kg4 53.Nxf7  1-0

[Event "World Open"]
[Site "Philadelphia USA"]
[Date "2008.07.02"]
[Round "1"]
[White "Almeida,A"]
[Black "Yang,Dar"]
[Result "1/2-1/2"]
[WhiteElo "1753"]
[BlackElo "2116"]

1.d4 d5 2.c4 e6 3.Nc3 Nf6 4.Nf3 c6 5.e3 Nbd7 6.Qc2 Bd6 7.g4 Bb4 8.Bd2 Qe7
9.Bd3 e5 10.g5 e4 11.gxf6 Nxf6 12.cxd5 exd3 13.Qxd3 Bxc3 14.Bxc3 Nxd5 15.Rg1 f6
16.Rg3 Bd7 17.O-O-O O-O-O 18.Ba5 Rde8 19.Nd2 g5 20.Nc4 h5 21.e4 Nf4 22.Qd2 Kb8
23.Rb3 Qxe4 24.Rxb7+ Ka8 25.Rxa7+ Kxa7 26.Bb6+ Kb8 27.Qa5 Ne2+ 28.Kd2 Qf4+
29.Ne3 Ng1 30.Qa7+ Kc8 31.Qa6+ Kb8 32.Qa7+ Kc8 33.Qa6+ Kb8 34.Qa7+  1/2-1/2

[Event "Sparkassen Open"]
[Site "Dortmund GER"]
[Date "2008.07.03"]
[Round "5"]
[White "Skutta,B"]
[Black "Klueting,R"]
[Result "1-0"]
[WhiteElo "2077"]
[BlackElo "2127"]

1.d4 d5 2.c4 c6 3.Nf3 Nf6 4.e3 e6 5.Nc3 Nbd7 6.Qc2 Bd6 7.b3 O-O 8.Bd3 e5
9.dxe5 Nxe5 10.Nxe5 Bxe5 11.O-O dxc4 12.Bxc4 Qa5 13.Bb2 Bxh2+ 14.Kxh2 Qh5+
15.Kg1 Ng4 16.Rfd1 Qh2+ 17.Kf1 Qh1+ 18.Ke2 Qxg2 19.Ne4 Nh6 20.Rg1 Bg4+ 21.Kd3 Qf3
22.Bd4 b5 23.Kc3 bxc4 24.Rg3 Qf5 25.Nf6+ Kh8 26.Nxg4 Qa5+ 27.Kb2 Nxg4 28.Rxg4 f6
29.Rh1  1-0

[Event "Sparkassen Open"]
[Site "Dortmund GER"]
[Date "2008.07.03"]
[Round "5"]
[White "Lang,D"]
[Black "Nent,A"]
[Result "1-0"]
[WhiteElo "2051"]
[BlackElo "1920"]

1.d4 d5 2.c4 c6 3.Nf3 e6 4.e3 Nf6 5.Nc3 Nbd7 6.Qc2 Bd6 7.Bd2 b6 8.e4 dxe4
9.Nxe4 Nxe4 10.Qxe4 Bb7 11.O-O-O Nf6 12.Qh4 O-O 13.Bd3 Be7 14.Rhe1 b5 15.c5 g6
16.Ng5 h5 17.h3 Nh7 18.Re5 f6 19.Rxe6 fxg5 20.Rxg6+ Kh8 21.Qxh5 Rf7 22.Rh6 Qg8
23.Bg6 Rg7 24.h4 g4 25.Qe5 Qc4+ 26.Kb1 Kg8 27.Rxh7 Rxh7 28.Bxh7+ Kf7 29.Bc2 Ke8
30.Re1 Qf7 31.Bg6  1-0

[Event "XVII Burgas Open"]
[Site "Ourense ESP"]
[Date "2008.07.03"]
[Round "1"]
[White "Stanoev,A"]
[Black "Cid Liston,R"]
[Result "1-0"]
[WhiteElo "2198"]
[BlackElo "1517"]

1.d4 e6 2.c4 d5 3.Nc3 Nf6 4.Nf3 c6 5.e3 Nbd7 6.Bd3 Bd6 7.O-O O-O 8.e4 dxe4
9.Nxe4 Nxe4 10.Bxe4 h6 11.b3 e5 12.Bb2 exd4 13.Qxd4 Nf6 14.Rad1 Be7 15.Qe5 Qe8
16.Bc2 Bg4 17.Qf4 Be6 18.Nd4 Rd8 19.Nxe6 Rxd1 20.Rxd1 fxe6 21.Qe5 Qf7 22.f3 Re8
23.Re1 Bb4 24.Rd1 Qe7 25.Kh1 Bc5 26.h3 Bb6 27.Bg6 Bc7 28.Qe3 Rd8 29.Rxd8+ Bxd8
30.Qxa7 Qd6 31.Qd4 Qe7 32.Ba3  1-0

[Event "XVII Burgas Open"]
[Site "Ourense ESP"]
[Date "2008.07.03"]
[Round "1"]
[White "Villar Perez,S"]
[Black "Perez Candelario,Man"]
[Result "1/2-1/2"]
[WhiteElo "1937"]
[BlackElo "2537"]

1.d4 d5 2.Nf3 Nf6 3.c4 e6 4.Nc3 c6 5.e3 Nbd7 6.Bd3 dxc4 7.Bxc4 b5 8.Bd3 Bb7
9.O-O b4 10.Na4 c5 11.Nxc5 Nxc5 12.dxc5 Bxc5 13.Bb5+ Ke7 14.Qe2 Qb6 15.b3 Rhd8
16.Bb2 Rd5 17.Rfd1 Ne4 18.Rxd5 Bxd5 19.Bc4 Bb7 20.Rd1 g6 21.Ne5 Rd8 22.Rxd8 Qxd8
23.Nd3 Bd6 24.f3 Nc3 25.Qe1 Qb6 26.Nxb4 Nd1 27.Bd4 Qxb4 28.Qxd1 a5 29.Qc1 e5
30.Bb2 Qb6 31.Ba3 f5 32.Bxd6+ Qxd6 33.Qe1 Qc5 34.Kf1 g5 35.Qd2 h6 36.Qd3 e4
37.fxe4 Bxe4 38.Qc3 Qc6 39.Qg7+ Kd8 40.Qf8+ Kc7 41.Qe7+ Kb8 42.Qd8+ Kb7 43.Qe7+ Kb8
44.Qd8+ Kb7 45.Qe7+  1/2-1/2

[Event "World Open"]
[Site "Philadelphia USA"]
[Date "2008.07.03"]
[Round "3"]
[White "Almeida,A"]
[Black "Zhao,P"]
[Result "1/2-1/2"]
[WhiteElo "1753"]
[BlackElo "2242"]

1.d4 d5 2.c4 c6 3.Nc3 Nf6 4.Nf3 e6 5.e3 Nbd7 6.Qc2 Bd6 7.g4 dxc4 8.Bxc4 e5
9.h3 b5 10.Be2 O-O 11.Bd2 a6 12.g5 Nd5 13.Nxd5 cxd5 14.Qc6 Qc7 15.Rc1 Qxc6
16.Rxc6 Bb8 17.Bb4 Bb7 18.Rc1 Re8 19.O-O e4 20.Nh4 g6 21.f4 Nf8 22.Ng2 Bc8
23.h4 Bd7 24.Kf2 Ba7 25.h5 Rac8 26.hxg6 fxg6 27.Kg3 Rxc1 28.Rxc1 Rc8 29.Rxc8 Bxc8
30.Bxf8 Kxf8 31.Bg4 Bxg4 32.Kxg4 Kf7 33.f5 gxf5+ 34.Kxf5 Bb8 35.b4 Bg3 36.Nf4 Bxf4
37.Kxf4 Kg6 38.Kg4 h6 39.gxh6 Kxh6 40.Kf4 Kh5 41.a3 Kh4 42.Ke5 Kg4 43.Kxd5 Kf3
44.Kc6 Kxe3 45.d5 Kf3 46.d6 e3 47.d7 e2 48.d8=Q e1=Q 49.Qf6+ Kg3 50.Qd6+ Kh3
51.Kb7 Qe4+ 52.Qc6 Qc4 53.Qd7+ Kg3 54.Kxa6 Qc3 55.Qd6+ Kh3 56.Kxb5 Qxa3 57.Qe6+ Kg3
58.Qe5+ Kh3 59.Qd4 Kh2 60.Kb6 Qa8 61.Qd6+ Kh3 62.b5 Qc8 63.Ka7 Qc4 64.b6 Qa4+
65.Kb8 Kg2 66.Qd5+ Kh2 67.Qe5+ Kg1 68.b7 Qc6 69.Qd4+ Kh2 70.Ka7 Qc7 71.Qd2+ Kg1
72.Qd5 Qe7 73.Qd4+ Kg2 74.Qb2+ Kh1 75.Qc3 Kh2 76.Qc2+ Kg1 77.Qg6+ Kh2 78.Kb6 Qb4+
79.Kc7 Qc5+ 80.Kd7 Qb5+ 81.Qc6 Qf5+ 82.Kc7 Qa5+ 83.Kb8 Kg1 84.Kc8 Qf5+ 85.Kc7 Qf7+
86.Kb6 Qb3+ 87.Ka7 Qa3+ 88.Qa6 Qe7 89.Qc4 Qa3+ 90.Kb6 Qd6+ 91.Qc6 Qb4+ 92.Qb5 Qd6+
93.Ka7 Qa3+ 94.Qa6 Qe7 95.Qa1+ Kg2 96.Qb2+ Kh1 97.Qc1+ Kg2 98.Ka8 Qe4 99.Qg5+ Kh1
100.Qb5 Qf3 101.Qb1+ Kg2 102.Qc2+ Kh1 103.Qc5 Qe4 104.Ka7 Qa4+ 105.Kb6 Qb3+
106.Qb5 Qe3+ 107.Ka6 Qa3+ 108.Qa5 Qd3+ 109.Ka7 Qe3+ 110.Ka8 Qe4 111.Qh5+ Kg2
112.Qd1 Qc6 113.Qg4+ Kh1 114.Qd4 Qf3 115.Qh4+ Kg2 116.Qc4 Qa3+ 117.Kb8 Qf8+
118.Ka7  1/2-1/2

[Event "World Open"]
[Site "Philadelphia USA"]
[Date "2008.07.03"]
[Round "3"]
[White "Kunte,A"]
[Black "Mulyar,M"]
[Result "1-0"]
[WhiteElo "2554"]
[BlackElo "2382"]

1.d4 d5 2.c4 c6 3.Nc3 Nf6 4.e3 e6 5.Nf3 Nbd7 6.Qc2 Bd6 7.Bd3 O-O 8.O-O Qe7
9.c5 Bc7 10.e4 dxe4 11.Nxe4 Nxe4 12.Bxe4 h6 13.Re1 Nf6 14.Bd2 Rd8 15.Qc1 Bd7
16.Bf4 Be8 17.Bc2 Nd5 18.Bd2 b6 19.Re4 f5 20.Re1 Qf6 21.b4 a5 22.a3 Bg6 23.Bb3 bxc5
24.bxc5 Kh8 25.Bxd5 Rxd5 26.Bf4 Bxf4 27.Qxf4 Rad8 28.Re5 Bh5 29.Rxd5 Rxd5
30.Ne5 Be8 31.Rd1 Qe7 32.h3 Qb7 33.Qe3 a4 34.Kh2 Kh7 35.Rd2 Qb3 36.Rd3 Qb8
37.Qf4 Qc7 38.Rd2 Qb8 39.g4 fxg4 40.hxg4 Qd8 41.Qe4+ Kh8 42.Rd3 Kg8 43.Kg3 Qb8
44.Qf4 Qb1 45.Qf3 Qg1+ 46.Kh3 h5 47.gxh5 Bxh5 48.Qxh5 Qh1+ 49.Kg4 Qe4+ 50.f4  1-0

[Event "XII Izmailov Mem"]
[Site "Tomsk RUS"]
[Date "2008.07.03"]
[Round "9"]
[White "Gutov,A"]
[Black "Aitbayev,A"]
[Result "1-0"]
[WhiteElo "2483"]
[BlackElo "2282"]

1.d4 d5 2.c4 c6 3.Nc3 Nf6 4.e3 e6 5.Nf3 a6 6.c5 Nbd7 7.b4 Qe7 8.Bb2 e5 9.dxe5 Nxe5
10.Nxe5 Qxe5 11.Na4 Qe6 12.Nb6 Rb8 13.Qd4 Bd7 14.Bd3 Be7 15.O-O O-O 16.e4 dxe4
17.Bxe4 Rfe8 18.Rfe1 Kh8 19.Bf3 Qxe1+ 20.Rxe1 Bxc5 21.Qd2 Bxb6 22.h3 Rxe1+
23.Qxe1 Be6 24.g4 h6 25.Qc1 Bd8 26.Qf4 Rc8 27.h4 Be7 28.g5 hxg5 29.hxg5 Nd7
30.Qd4 f6 31.Qh4+ Kg8 32.Bg4 f5 33.Be2 b5 34.Qd4 Bf8 35.g6 Nf6 36.Qe5 Re8
37.Qh2 Be7 38.Bf3 Rd8 39.Qc7 Kf8 40.Qxc6 Bxa2 41.Qxa6 Bc4 42.Qb7 Nd5 43.Bd4 Nf6
44.Bc5 Rd7 45.Qc8+ Rd8 46.Qxd8+  1-0

[Event "Duras IM Dopravni"]
[Site "Brno CZE"]
[Date "2008.07.04"]
[Round "9"]
[White "Vesely,Ja"]
[Black "Kozak,Mi"]
[Result "0-1"]
[WhiteElo "2074"]
[BlackElo "2197"]

1.d4 d5 2.Nf3 Nf6 3.c4 c6 4.e3 e6 5.Nc3 a6 6.c5 Nbd7 7.a3 g6 8.b4 Bg7 9.Bb2 O-O
10.Bd3 Qc7 11.O-O e5 12.Nxe5 Nxe5 13.dxe5 Ng4 14.Be2 Nxe5 15.Na4 Be6 16.Bd4 f5
17.g3 Bf6 18.Qc1 Rad8 19.Qc3 h5 20.Rfe1 h4 21.f4 Nd7 22.Bf3 Kf7 23.Ra2 Rh8
24.Rg2 hxg3 25.hxg3 Rh3 26.Nb2 Rg8 27.Nd3 g5 28.Bxf6 Nxf6 29.Qe5 Qxe5 30.Nxe5+ Kf8
31.fxg5 Rxg5 32.Kf2 Ne4+ 33.Ke2 Rhxg3 34.Rh2 Rg7 35.Rh6 Ke7 36.Reh1 Ng5 37.Bh5 Rg2+
38.Kd3 Ne4 39.Nf3 Nf2+ 40.Kd4 Nxh1 41.Ke5 Bd7 42.Nh4 Rg1 43.Ng6+ Kd8 44.Kd6 Rg8
45.Nf4 R1g7 46.Rf6 Ng3 47.Bf3 Ne4+ 48.Bxe4 fxe4 49.a4 Bg4 50.b5 axb5 51.axb5 Re8  0-1

[Event "Sparkassen Open"]
[Site "Dortmund GER"]
[Date "2008.07.04"]
[Round "7"]
[White "Savchenko,Alek"]
[Black "Kartsev,A2"]
[Result "1-0"]
[WhiteElo "2163"]
[BlackElo "1975"]

1.d4 d5 2.c4 c6 3.Nc3 Nf6 4.Nf3 e6 5.e3 Nbd7 6.Qc2 Bd6 7.b3 O-O 8.Bb2 Re8
9.Be2 h6 10.O-O Nf8 11.Rfd1 b6 12.Rac1 Ba6 13.e4 dxe4 14.Nxe4 Nxe4 15.Qxe4 Rc8
16.Ne5 Bb7 17.c5 Bb8 18.Rc3 Qd5 19.Qc2 f6 20.Bc4 Qd8 21.Ng6 Nxg6 22.Qxg6 bxc5
23.Rh3 cxd4 24.Rxd4 Qa5 25.Rd7  1-0

[Event "World Open"]
[Site "Philadelphia USA"]
[Date "2008.07.04"]
[Round "5"]
[White "Perelshteyn,E"]
[Black "Shankland,S"]
[Result "1-0"]
[WhiteElo "2555"]
[BlackElo "2368"]

1.d4 d5 2.c4 c6 3.Nc3 Nf6 4.e3 e6 5.Nf3 Nbd7 6.Qc2 Bd6 7.g4 dxc4 8.Bxc4 e5
9.g5 Nd5 10.Bd2 exd4 11.Qe4+ Qe7 12.Qxd4 Ne5 13.Nxe5 Qxe5 14.Qxe5+ Bxe5 15.Nxd5 cxd5
16.Bxd5 O-O 17.Bc3 Re8 18.h4 Be6 19.Bxe6 Bxc3+ 20.bxc3 Rxe6 21.Rb1 b6 22.Rb4 Rc8
23.Kd2 Rec6 24.Rc1 h6 25.Rd4 R8c7 26.Kd3 Kh7 27.f4 Rc5 28.e4 g6 29.a4 Kg7
30.c4 Ra5 31.Ra1 Rac5 32.Rb1 hxg5 33.hxg5 Rc8 34.Rb5 R5c7 35.Rbd5 Rh8 36.Rd7 Rh3+
37.Ke2 Rxd7 38.Rxd7 Rc3 39.Rc7 a5 40.Rc6 Kf8 41.Kd2 Rb3 42.Kc2 Rb4 43.Kc3 Kg7
44.Kd4 Kg8 45.Kd5 Kf8 46.e5 Kg7 47.e6 fxe6+ 48.Kxe6 Rxa4 49.Rc7+ Kg8 50.Kf6 b5
51.Rc8+ Kh7 52.f5  1-0

[Event "World Open"]
[Site "Philadelphia USA"]
[Date "2008.07.04"]
[Round "5"]
[White "Maltese,A"]
[Black "Sarkar,J"]
[Result "0-1"]
[WhiteElo "2227"]
[BlackElo "2416"]

1.Nf3 d5 2.c4 c6 3.d4 Nf6 4.Nc3 e6 5.e3 Nbd7 6.Qc2 Bd6 7.g4 h6 8.Bd2 dxc4
9.Bxc4 b5 10.Bd3 Bb7 11.Rg1 Rc8 12.g5 hxg5 13.Rxg5 c5 14.Nxb5 Bb8 15.Ne5 cxd4
16.Nc4 Nc5 17.Bb4 Nxd3+ 18.Qxd3 Ne4 19.Rg4 Rxh2 20.Rxg7 Qf6 21.Rg8+ Kd7 22.O-O-O Rxg8
23.Na5 Qxf2 24.Qxd4+ Bd5 25.Na3 Rg1  0-1

[Event "XXVIII Open"]
[Site "Benasque ESP"]
[Date "2008.07.05"]
[Round "3"]
[White "Delchev,A"]
[Black "Van Oosterom,C"]
[Result "1-0"]
[WhiteElo "2618"]
[BlackElo "2420"]

1.d4 d5 2.c4 c6 3.Nc3 Nf6 4.e3 e6 5.Nf3 Nbd7 6.Bd3 dxc4 7.Bxc4 b5 8.Bd3 Bd6
9.O-O O-O 10.Qc2 Bb7 11.a3 Qe7 12.e4 e5 13.Ne2 exd4 14.Nexd4 Ne5 15.Re1 Nfg4
16.Nf5 Qf6 17.Nxe5 Qxe5 18.g3 Bc5 19.Re2 Bb6 20.h3 Nf6 21.Bf4 Qe6 22.Bd6 g6
23.e5 gxf5 24.Bxf5 Qd5 25.Qc1 Nh5 26.Qh6 Nxg3 27.Qxh7+  1-0

[Event "Duras IM Dopravni"]
[Site "Brno CZE"]
[Date "2008.07.05"]
[Round "10"]
[White "Kozak,Mi"]
[Black "Splosnov,S"]
[Result "1/2-1/2"]
[WhiteElo "2197"]
[BlackElo "2355"]

1.d4 d5 2.c4 e6 3.Nf3 Nf6 4.Nc3 c6 5.e3 Nbd7 6.Bd3 dxc4 7.Bxc4 b5 8.Bd3 b4
9.Ne4 Bb7 10.O-O Be7 11.Nxf6+ Nxf6 12.e4 O-O 13.e5 Nd7 14.Be4 Rb8 15.a3 c5
16.Bxb7 Rxb7 17.d5 exd5 18.Qxd5 Qb6 19.Nd2 Rc7 20.Nc4 Qe6 21.Rd1 Rb8 22.Be3 Qxd5
23.Rxd5 Nb6 24.Nxb6 Rxb6 25.axb4 Rxb4 26.Ra2 f6 27.exf6 gxf6 28.g3 Kf7 29.h3 Ke6
30.Rh5 Bd6  1/2-1/2

[Event "XVII Burgas Open"]
[Site "Ourense ESP"]
[Date "2008.07.05"]
[Round "3"]
[White "Villar Perez,S"]
[Black "Solange Videira,G"]
[Result "1-0"]
[WhiteElo "1937"]
[BlackElo "1461"]

1.d4 d5 2.c4 e6 3.Nf3 Nf6 4.Nc3 c6 5.e3 Nbd7 6.Bd3 dxc4 7.Bxc4 b5 8.Bd3 Bb7
9.O-O Rc8 10.a3 a6 11.b4 Nd5 12.Bd2 Bd6 13.Re1 e5 14.Qe2 O-O 15.Nxd5 cxd5
16.dxe5 Nxe5 17.Nxe5 Bxe5 18.Qh5 Bxh2+ 19.Qxh2 h6 20.Qe5 Re8 21.Qf5  1-0

[Event "XVII Burgas Open"]
[Site "Ourense ESP"]
[Date "2008.07.05"]
[Round "3"]
[White "Gallego Martin,M"]
[Black "Garcia Ortega Mendez,J"]
[Result "1-0"]
[WhiteElo "1848"]
[BlackElo "2196"]

1.d4 d5 2.c4 c6 3.Nf3 Nf6 4.Nc3 e6 5.e3 Nbd7 6.Bd3 dxc4 7.Bxc4 b5 8.Be2 Bb7
9.O-O a6 10.e4 b4 11.e5 bxc3 12.exf6 Nxf6 13.bxc3 Qc7 14.Rb1 Bd6 15.c4 c5
16.dxc5 Bxc5 17.Bf4 Qc8 18.Bd6 Ne4 19.Bxc5 Nxc5 20.Qd6 Qc6 21.Qxc6+ Bxc6
22.Nd2 O-O-O 23.Rb2 Kc7 24.Rfb1 Na4 25.Rc2 Nc3 26.Rxc3 Rxd2 27.Bf3 Rhd8 28.Ra3 Bxf3
29.gxf3 Rd1+ 30.Rxd1 Rxd1+ 31.Kg2 Kb6 32.c5+ Ka7 33.f4 Rd4 34.Kg3 Kb7 35.Rb3+ Ka7
36.c6 Rc4 37.Rb7+ Ka8 38.Rxf7 Rxc6 39.Rxg7 Rc3+ 40.f3 Rc2 41.Rxh7 Rxa2 42.Re7 a5
43.Rxe6 a4 44.Re1 a3 45.h4 Rb2 46.Ra1 a2 47.h5 Kb7 48.h6 Rb6 49.Rxa2 Rxh6
50.Rc2  1-0

[Event "World Open"]
[Site "Philadelphia USA"]
[Date "2008.07.05"]
[Round "6"]
[White "Perelshteyn,E"]
[Black "Ludwig,Dan"]
[Result "1/2-1/2"]
[WhiteElo "2555"]
[BlackElo "2394"]

1.d4 d5 2.c4 c6 3.Nc3 Nf6 4.e3 e6 5.Nf3 Nbd7 6.Qc2 Bd6 7.g4 dxc4 8.Bxc4 e5
9.g5 Nd5 10.Bd2 exd4 11.Qe4+ Qe7 12.Qxd4 Ne5 13.Nxe5 Bxe5 14.Nxd5 cxd5 15.Bb5+ Kf8
16.Qxd5 Bxb2 17.Qb3 Ba3 18.Bc4 Be6 19.Bxe6 fxe6 20.Rb1 b6 21.Rg1 Kf7 22.Rg4 Rhd8
23.g6+ hxg6 24.Ke2 Qd7 25.Rd4 Bd6 26.Rg1 Qe7 27.Qc2 Be5 28.Qxg6+ Kg8 29.Re4 Bf6  1/2-1/2